[Event "Chorzow op"]
[Site "Chorzow"]
[Date "2010.03.28"]
[Round "9"]
[White "Matczyk, Bartosz"]
[Black "Kaczmarek, Aleksander"]
[Result "0-1"]
[WhiteElo "2013"]
[BlackElo "2009"]
[PlyCount "52"]
[EventDate "2010.03.20"]
[EventType "swiss"]
[EventRounds "9"]
[EventCountry "POL"]
[SourceTitle "EXT 2012"]
[Source "ChessBase"]
[SourceDate "2011.11.24"]
[SourceVersion "1"]
[SourceVersionDate "2011.11.24"]
[SourceQuality "1"]

1. e4 d5 2. Nc3 dxe4 3. Nxe4 Nd7 4. Nf3 Ngf6 5. Ng3 e6 6. Bc4 Nb6 7. Bb3 c5 8. c3 Bd7 9. 0-0 Bd6 10. d4 c4 11. Bc2 Qc7 12. Qe2 0-0-0 13. Ne5 Bc6 14. Nxc4 Nxc4 15. Qxc4 h5 16. Re1 h4 17. Nf1 Ng4 18. d5 Bxh2+ 19. Nxh2 Qxh2+ 20. Kf1 Qh1+ 21. Ke2 Qxg2 22. Rf1 Rxd5 23. Bf4 f5 24. b4 Rhd8 25. a4 g5 26. Be4 fxe4 0-1

[Event "POL-chT 2nd League"]
[Site "Polanica Zdroj"]
[Date "2004.09.12"]
[Round "11.82"]
[White "Stolarczyk, Adam"]
[Black "Matczyk, Bartosz"]
[Result "1-0"]
[WhiteElo "2161"]
[BlackElo "2053"]
[PlyCount "55"]
[EventDate "2004.09.04"]
[EventType "team-swiss"]
[EventRounds "11"]
[EventCountry "POL"]
[SourceTitle "EXT 2019"]
[Source "ChessBase"]
[SourceDate "2018.10.10"]
[SourceVersion "1"]
[SourceVersionDate "2018.10.10"]
[SourceQuality "1"]
[WhiteTeam "Swiecie Gambit"]
[BlackTeam "Krakow KKSz"]
[WhiteTeamCountry "POL"]
[BlackTeamCountry "POL"]

1. e4 e5 2. Nf3 Nc6 3. Bb5 Nd4 4. Nxd4 exd4 5. 0-0 Bc5 6. d3 Ne7 7. Nd2 a5 8. Bc4 0-0 9. a4 d5 10. exd5 Nxd5 11. Ne4 Be7 12. Qf3 Nf6 13. h3 Nxe4 14. Qxe4 Bd6 15. Bd2 Qf6 16. f4 Bf5 17. Qxb7 Rab8 18. Qf3 Rxb2 19. Bb3 Qg6 20. Bc1 Rxb3 21. cxb3 Bxd3 22. f5 Bxf5 23. Qxf5 Qg3 24. Bf4 Bxf4 25. Qxf4 Qc3 26. Rad1 c5 27. Qf3 Qb4 28. Qd5 1-0

[Event "POL-chT 2nd League"]
[Site "Polanica Zdroj"]
[Date "2004.09.06"]
[Round "3"]
[White "Matczyk, Bartosz"]
[Black "Betkowski, Andrzej"]
[Result "0-1"]
[WhiteElo "2053"]
[BlackElo "2207"]
[PlyCount "52"]
[EventDate "2004.09.04"]
[EventType "team-swiss"]
[EventRounds "11"]
[EventCountry "POL"]
[SourceTitle "CBM 102 Extra"]
[Source "ChessBase"]
[SourceDate "2004.11.03"]
[SourceVersion "1"]
[SourceVersionDate "2004.11.03"]
[SourceQuality "1"]
[WhiteTeam "Krakow KKSz"]
[BlackTeam "Krakow Korona"]
[WhiteTeamCountry "POL"]
[BlackTeamCountry "POL"]

1. e4 e6 2. d4 d5 3. Nc3 Bb4 4. e5 c5 5. Bd2 Ne7 6. f4 Nbc6 7. Nf3 Nf5 8. dxc5 Bxc5 9. Qe2 a6 10. a3 b5 11. g3 Bd7 12. Bh3 Nfd4 13. Nxd4 Nxd4 14. Qd3 a5 15. Ne2 Nxe2 16. Qxe2 0-0 17. Be3 Qb6 18. Bf2 b4 19. axb4 axb4 20. 0-0 Bb5 21. Bxc5 Qxc5+ 22. Qf2 Qxf2+ 23. Kxf2 Bxf1 24. Rxf1 Ra7 25. Rc1 Rb7 26. Bf1 Ra8 0-1